2014 MLB Playoff Lineups - Statistics

General Stats
  • This quiz has been taken 49 times
  • The average score is 65 of 126
Answer Stats
Hint Hint Answer % Correct
Los Angeles Angels CF Mike Trout
100%
Washington Nationals 2B Asdrubal Cabrera
95%
San Francisco Giants C Buster Posey
95%
Los Angeles Dodgers SP Clayton Kershaw
95%
Detroit Tigers 1B Miguel Cabrera
95%
Washington Nationals LF Bryce Harper
89%
Detroit Tigers SP Justin Verlander
89%
San Francisco Giants SP Madison Bumgarner
89%
Detroit Tigers SP Max Scherzer
89%
Detroit Tigers CF Rajai Davis
89%
Pittsburgh Pirates CF Andrew McCutchen
84%
Los Angeles Dodgers 1B Adrian Gonzalez
79%
Los Angeles Angels 1B Albert Pujols
79%
San Francisco Giants 1B Brandon Belt
79%
San Francisco Giants SS Brandon Crawford
79%
Los Angeles Dodgers LF Carl Crawford
79%
Washington Nationals SP Gio Gonzalez
79%
Oakland Athletics 3B Josh Donaldson
79%
Baltimore Orioles SP Miguel Gonzalez
79%
San Francisco Giants 3B Pablo Sandoval
79%
Pittsburgh Pirates C Russell Martin
79%
Kansas City Royals C Salvador Perez
79%
Los Angeles Dodgers SP Zack Greinke
79%
Baltimore Orioles CF Adam Jones
74%
Kansas City Royals LF Alex Gordon
74%
Washington Nationals 3B Anthony Rendon
74%
Los Angeles Dodgers 2B Dee Strange-Gordon
74%
Kansas City Royals 1B Eric Hosmer
74%
Los Angeles Dodgers RF Matt Kemp
74%
St. Louis Cardinals C Yadier Molina
74%
Detroit Tigers LF J.D. Martinez
68%
San Francisco Giants 2B Joe Panik
68%
Kansas City Royals CF Lorenzo Cain
68%
Detroit Tigers DH Victor Martinez
68%
Los Angeles Dodgers CF Yasiel Puig
68%
St. Louis Cardinals SP Adam Wainwright
63%
Kansas City Royals SS Alcides Escobar
63%
San Francisco Giants MGR Bruce Bochy
63%
San Francisco Giants RF Hunter Pence
63%
Washington Nationals SP Jordan Zimmermann
63%
St. Louis Cardinals 3B Matt Carpenter
63%
Kansas City Royals 3B Mike Moustakas
63%
Detroit Tigers SP David Price
58%
Los Angeles Dodgers MGR Don Mattingly
58%
San Francisco Giants CF Gregor Blanco
58%
Los Angeles Angels SP Jered Weaver
58%
Baltimore Orioles SS J.J. Hardy
58%
Baltimore Orioles DH Nelson Cruz
58%
Kansas City Royals 2B Omar Infante
58%
Kansas City Royals SP Yordano Ventura
58%
Los Angeles Dodgers C A.J. Ellis
53%
St. Louis Cardinals SS Jhonny Peralta
53%
St. Louis Cardinals LF Matt Holliday
53%
Washington Nationals MGR Matt Williams
53%
Los Angeles Angels MGR Mike Scioscia
53%
Kansas City Royals MGR Ned Yost
53%
Detroit Tigers RF Torii Hunter
53%
Detroit Tigers C Alex Avila
47%
Kansas City Royals DH Billy Butler
47%
Baltimore Orioles MGR Buck Showalter
47%
Los Angeles Dodgers SS Hanley Ramirez
47%
Los Angeles Dodgers SP Hyun Jin Ryu
47%
Washington Nationals RF Jayson Werth
47%
Los Angeles Angels LF Josh Hamilton
47%
Oakland Athletics RF Josh Reddick
47%
Los Angeles Dodgers 3B Juan Uribe
47%
Los Angeles Angels RF Kole Calhoun
47%
St. Louis Cardinals 2B Kolten Wong
47%
St. Louis Cardinals 1B Matt Adams
47%
St. Louis Cardinals MGR Mike Matheny
47%
Baltimore Orioles RF Nick Markakis
47%
Kansas City Royals RF Nori Aoki
47%
Washington Nationals SP Stephen Strasburg
47%
Washington Nationals C Wilson Ramos
47%
Oakland Athletics MGR Bob Melvin
42%
Baltimore Orioles SP Bud Norris
42%
Baltimore Orioles SP Chris Tillman
42%
Los Angeles Angels SP C.J. Wilson
42%
Los Angeles Angels 3B David Freese
42%
Washington Nationals CF Denard Span
42%
Oakland Athletics C Derek Norris
42%
Washington Nationals SP Doug Fister
42%
Pittsburgh Pirates SP Edinson Volquez
42%
Washington Nationals SS Ian Desmond
42%
San Francisco Giants SP Jake Peavy
42%
Kansas City Royals SP James Shields
42%
Baltimore Orioles 2B Jonathan Schoop
42%
Pittsburgh Pirates LF Starling Marte
42%
San Francisco Giants SP Tim Hudson
42%
San Francisco Giants LF Travis Ishikawa
42%
Washington Nationals 1B Adam LaRoche
37%
Detroit Tigers MGR Brad Ausmus
37%
Oakland Athletics CF Coco Crisp
37%
Los Angeles Angels SS Erick Aybar
37%
Detroit Tigers 2B Ian Kinsler
37%
St. Louis Cardinals CF Jon Jay
37%
Oakland Athletics SP Jon Lester
37%
Pittsburgh Pirates SS Jordy Mercer
37%
Pittsburgh Pirates 3B Josh Harrison
37%
Baltimore Orioles 3B Ryan Flaherty
37%
San Francisco Giants SP Ryan Vogelsong
37%
Oakland Athletics DH Brandon Moss
32%
Los Angeles Angels C Chris Iannetta
32%
Pittsburgh Pirates 1B Gaby Sanchez
32%
Kansas City Royals SP Jason Vargas
32%
Oakland Athletics SS Jed Lowrie
32%
St. Louis Cardinals SP Lance Lynn
32%
Pittsburgh Pirates 2B Neil Walker
32%
Detroit Tigers 3B Nick Castellanos
32%
Baltimore Orioles SP Wei-Yin Chen
32%
Pittsburgh Pirates MGR Clint Hurdle
26%
Oakland Athletics 2B Eric Sogard
26%
St. Louis Cardinals SP John Lackey
26%
Oakland Athletics 1B Stephen Vogt
26%
Baltimore Orioles 1B Steve Pearce
26%
Los Angeles Angels 2B Howie Kendrick
21%
Oakland Athletics LF Sam Fuld
21%
Detroit Tigers SS Andrew Romine
16%
Kansas City Royals SP Jeremy Guthrie
16%
Baltimore Orioles C Nick Hundley
16%
Los Angeles Angels DH C.J. Cron
11%
Los Angeles Angels SP Matt Shoemaker
11%
St. Louis Cardinals SP Shelby Miller
11%
Baltimore Orioles LF Alejandro De Aza
5%
St. Louis Cardinals RF Randal Grichuk
5%
Pittsburgh Pirates RF Travis Snider
0%
No matching quizzes found
Score Distribution
Percent of People with Each Score
Percentile by Number Answered
Your Score History
You have not taken this quiz